Statistiques concernant Formes des pays sur la carte du monde n°3 - 45 secondes sprint

Cliquez ici pour prendre le quiz!

Statistiques générales

  • Ce quiz a été pris 308 fois
  • Le résultat moyen est 16 sur 20

Réponses sur la Carte

Les réponses sont colorées sur une échelle allant du rouge au vert en fonction du pourcentage des utilisateurs qui les ont devinées à leur premier essai. Vous pouvez retrouver ces pourcentages ci-dessous.
 

Statistiques - réponses

pays% Correct
Brésil
98%
Chili
95%
Portugal
92%
Australie
90%
Arabie Saoudite
89%
Madagascar
88%
Norvège
88%
Irlande
87%
Italie
87%
Turquie
84%
Kazakhstan
81%
Namibie
81%
Tunisie
78%
Sénégal
75%
Tanzanie
70%
Nicaragua
67%
Cameroun
66%
Biélorussie
64%
Cambodge
58%
Népal
57%

Distribution des résultats

Percentile par nombre de réponses

% des personnes avec chaque résultat

Votre développement - résultats

Vous n’avez pas pris ce quiz